000 02087nam a2200241Ia 4500
008 260220t2015||||xx |||||||||||||| ||spa||
040 _aPY-SlUNAC
_bspa
_erda
041 _aspa
082 _a574.5
_bC735o
110 _aMéxico.
_bComisión Intersecretarial de Bioseguridad de Organismos Genéticamente Modificados
_eAutor
245 0 _aOrden Jurídico Nacional e Internacional en materia de bioseguridad de organismos genéticamente modificados /
_cpor Comisión Intersecretarial de Bioseguridad de Organismos Genéticamente Modificados [Autor]
264 _aCiudad de México :
_bCIBIOGEM,
_c℗2015.
300 _a1 volumen
520 _aEl libro "Orden Jurídico Nacional e Internacional en materia de bioseguridad de organismos genéticamente modificados" publicado por CIBIOGEM en 2015, ofrece un análisis exhaustivo de las normativas y regulaciones que rigen la bioseguridad de los organismos genéticamente modificados (OGM) tanto a nivel nacional como internacional. A través de un enfoque multidisciplinario, se examinan las implicaciones legales, científicas y éticas de la biotecnología en la agricultura y la salud pública. El texto aborda la interacción entre las legislaciones nacionales y los tratados internacionales, destacando la importancia de un marco regulatorio coherente que garantice la seguridad alimentaria y la protección del medio ambiente. Asimismo, se discuten los desafíos y oportunidades que presenta la implementación de políticas de bioseguridad en un contexto globalizado, resaltando la necesidad de cooperación internacional y el fortalecimiento de capacidades locales para enfrentar los riesgos asociados a los OGM. En conjunto, el libro se constituye como una fuente valiosa para académicos, legisladores y profesionales del área.
653 _aBioseguridad
653 _aDerecho internacional
653 _aOrganismos genéticamente modificados
942 _b2026/02/17
_cBK
999 _c8158
_d8158